Economics / (Record no. 168182)

MARC details
000 -LEADER
fixed length control field 00725nam a22002177a 4500
005 - DATE AND TIME OF LATEST TRANSACTION
control field 20190927152349.0
010 ## - LCCN (DPL NO)
LC control number ENG-126580
020 ## - INTERNATIONAL STANDARD BOOK NUMBER
Terms of availability 815.00
International Standard Book Number 9789353439927
035 ## - SYSTEM CONTROL NUMBER
System control number EN-110112
037 ## - SOURCE OF ACQUISITION
Source of stock number/acquisition DBAD/PUB
082 ## - DEWEY DECIMAL CLASSIFICATION NUMBER
Classification number 330
100 ## - MAIN ENTRY--PERSONAL NAME
Personal name Acemoglu , Daron
245 ## - TITLE STATEMENT
Title Economics /
Statement of responsibility, etc By Daron Acemoglu...[etc,all]
260 ## - PUBLICATION, DISTRIBUTION, ETC. (IMPRINT)
Place of publication, distribution, etc Uttar Pradesh
Name of publisher, distributor, etc Pearson India Education Services Pvt. Ltd
Date of publication, distribution, etc 2020
270 ## - ADDRESS
City Noida
Address 15th Floor, Tower-B, World Trade Tower, Plot No.1, Block-C, Sector-16
Postal code 201301
Telephone number 044-66540100
Electronic mail address companysecretary.india@pearson.com
300 ## - PHYSICAL DESCRIPTION
Extent 788p.
Dimensions 28cm,(pbk)
500 ## - GENERAL NOTE
General note Includes Index.
700 ## - ADDED ENTRY--PERSONAL NAME
Personal name Laibson , David
700 ## - ADDED ENTRY--PERSONAL NAME
Personal name List , John
942 ## - ADDED ENTRY ELEMENTS (KOHA)
Source of classification or shelving scheme Dewey Decimal Classification
Item type English Books
Classification part 330
Call number suffix ACE
Holdings
Withdrawn status Lost status Not for loan Collection code Home library Current library Date acquired Source of acquisition Cost, normal purchase price Full call number Barcode Copy number Cost, replacement price Koha item type
      Non-fiction Shahdara Branch Shahdara Branch 27/09/2019 DBAD/PUB 815.00 330 ACE EN-110112 1 815.00 English Books

© Delhi Public Library
Hit Counter
free hit counter